[Event "Montreal int."]
[Site "Montreal CAN"]
[Date "2001.08.13"]
[Round "11"]
[White "Kosyrev, Vladimir"]
[Black "Mikanovic, Goran"]
[Result "1-0"]
[WhiteElo "2554"]
[BlackElo "2273"]
[PlyCount "93"]
[GameId "2160767911555385"]
[EventDate "2001.08.02"]
[EventType "tourn"]
[EventRounds "11"]
[EventCountry "CAN"]
[EventCategory "9"]
[SourceTitle "CBM 085"]
[Source "ChessBase"]
[SourceDate "2001.11.13"]
[SourceVersion "1"]
[SourceVersionDate "2001.11.13"]
[SourceQuality "1"]

1. d4 Nf6 2. c4 e6 3. Nf3 b6 4. e3 Bb7 5. Bd3 Be7 6. O-O O-O 7. b3 c5 8. Bb2 d5 9. Nbd2 cxd4 10. exd4 Nc6 11. Rc1 Rc8 12. Qe2 Qd6 13. a3 dxc4 14. bxc4 Rfe8 15. Qe3 Rcd8 16. Bb1 g6 17. Qc3 Nb8 18. Rfe1 Nbd7 19. h3 Bf8 20. Qe3 Bg7 21. Red1 Qb8 22. a4 Rc8 23. a5 Qa8 24. Bd3 Qb8 25. Bf1 Qc7 26. Ba3 Bf8 27. Bxf8 Kxf8 28. axb6 axb6 29. Rb1 Kg8 30. Rb2 Bc6 31. Rdb1 Ra8 32. Qh6 Ra3 33. Rc1 Ba8 34. Rbc2 e5 35. dxe5 Nxe5 36. Nxe5 Qxe5 37. c5 Qd4 38. Nc4 Rb3 39. Nd6 Rf8 40. Bc4 Rg3 41. Bf1 Rb3 42. Rd2 Qb4 43. Nf5 gxf5 44. Qg5+ Kh8 45. Qxf6+ Kg8 46. Rd4 Qa3 47. Qxf5 1-0

[Event "Montreal op"]
[Site "Montreal CAN"]
[Date "2001.09.01"]
[Round "1"]
[White "Linskiy, Oleg"]
[Black "Ramaswamy, Kiran"]
[Result "1-0"]
[WhiteElo "2466"]
[BlackElo "1971"]
[PlyCount "65"]
[GameId "2160767911550950"]
[EventDate "2001.09.01"]
[EventType "swiss"]
[EventRounds "6"]
[EventCountry "CAN"]

1. c4 c5 2. Nf3 g6 3. e4 Bg7 4. d4 cxd4 5. Nxd4 Nc6 6. Be3 Nh6 7. Be2 f5 8. Qd2 Ng4 9. exf5 Nxe3 10. fxe3 Qb6 11. Nb3 Bh6 12. c5 Qb4 13. Nc3 Na5 14. Nxa5 Qxa5 15. Qd4 O-O 16. O-O gxf5 17. Nd5 Qd8 18. Qh4 e6 19. Qxh6 exd5 20. Bf3 Qf6 21. Bxd5+ Kh8 22. Qf4 Qxb2 23. Rad1 Qc3 24. Qd6 Qf6 25. e4 Qxd6 26. cxd6 Rf6 27. e5 Rf8 28. g4 f4 29. Rd4 Re8 30. Rdxf4 Rxe5 31. Rf8+ Kg7 32. Rg8+ Kh6 33. Rf6# 1-0

[Event "Montreal op"]
[Site "Montreal CAN"]
[Date "2001.09.01"]
[Round "1"]
[White "Rodriguez, Herver"]
[Black "Masse, Hugues"]
[Result "1/2-1/2"]
[WhiteElo "1871"]
[BlackElo "2157"]
[PlyCount "106"]
[GameId "2160767911550951"]
[EventDate "2001.09.01"]
[EventType "swiss"]
[EventRounds "6"]
[EventCountry "CAN"]

1. e4 e5 2. Nf3 Nc6 3. Bb5 a6 4. Ba4 Nf6 5. O-O Bc5 6. d3 b5 7. Bb3 d6 8. c3 Bg4 9. Be3 Bxe3 10. fxe3 Rb8 11. Nbd2 O-O 12. Qe1 Na5 13. Bc2 c5 14. Qg3 b4 15. Ng5 h6 16. Ngf3 bxc3 17. bxc3 Rb2 18. Ne1 Be6 19. c4 Rb6 20. Ndf3 Nc6 21. Nh4 Nh7 22. Nf5 Bxf5 23. Rxf5 Ne7 24. Rf2 Ng6 25. Nf3 Ng5 26. Nd2 Ne6 27. Raf1 Qg5 28. Qf3 Ne7 29. Qe2 f6 30. Nf3 Qh5 31. Qd2 Rfb8 32. Bb3 Ng5 33. Nxg5 Qxg5 34. Rf3 Kh8 35. Rg3 Qh5 36. d4 Qe8 37. Qd1 Nc6 38. Qg4 Qe7 39. dxc5 dxc5 40. Rd1 Rd8 41. Rd5 Rbb8 42. Rxc5 Nb4 43. Ra5 Rd2 44. c5 Nd3 45. h4 Nf2 46. Qg6 Nd3 47. c6 Nc1 48. Rg4 Nxb3 49. axb3 Rxb3 50. c7 Rc3 51. Rxa6 Rxc7 52. Ra8+ Rd8 53. Rxd8+ Qxd8 1/2-1/2

[Event "Montreal op"]
[Site "Montreal CAN"]
[Date "2001.09.01"]
[Round "1"]
[White "Sullivan, Neil"]
[Black "Malveau, Cedric"]
[Result "1-0"]
[WhiteElo "2152"]
[BlackElo "1925"]
[PlyCount "81"]
[GameId "2160767911550952"]
[EventDate "2001.09.01"]
[EventType "swiss"]
[EventRounds "6"]
[EventCountry "CAN"]

1. e4 c5 2. Nf3 d6 3. g3 Nc6 4. Bg2 g6 5. O-O Bg7 6. d3 e6 7. c3 Nge7 8. Re1 O-O 9. Nbd2 Rb8 10. Nf1 b5 11. Be3 b4 12. Qd2 Qa5 13. Rec1 bxc3 14. bxc3 d5 15. Bh6 dxe4 16. dxe4 Rd8 17. Qe3 Ba6 18. Bxg7 Kxg7 19. Qf4 h6 20. Ne3 Rb2 21. a4 Rb3 22. Ng4 Ng8 23. Nfe5 Nxe5 24. Nxe5 Qc7 25. Nxg6 Qxf4 26. Nxf4 Rd2 27. Rab1 Ra3 28. Rb8 Nf6 29. e5 Ng4 30. Be4 f5 31. exf6+ Nxf6 32. Nxe6+ Kf7 33. Bf5 Raa2 34. Ra8 Rxf2 35. Rxa7+ Kg8 36. Nf4 Bc4 37. Rd1 Rfd2 38. Rxd2 Rxd2 39. Rc7 Ra2 40. Rxc5 Rxa4 41. Rxc4 1-0

[Event "Montreal op"]
[Site "Montreal CAN"]
[Date "2001.09.02"]
[Round "1"]
[White "Trinh, Tri Bao"]
[Black "Mikanovic, Goran"]
[Result "0-1"]
[WhiteElo "1882"]
[BlackElo "2332"]
[PlyCount "56"]
[GameId "2160767911550954"]
[EventDate "2001.09.01"]
[EventType "swiss"]
[EventRounds "6"]
[EventCountry "CAN"]
[SourceTitle "EXT 2003"]
[Source "ChessBase"]
[SourceDate "2002.11.25"]
[SourceVersion "1"]
[SourceVersionDate "2002.11.25"]
[SourceQuality "1"]

1. e4 c5 2. c3 d5 3. exd5 Qxd5 4. d4 Nf6 5. Nf3 e6 6. Bd3 Nc6 7. O-O Be7 8. a3 cxd4 9. cxd4 b6 10. Nc3 Qd6 11. Re1 Bb7 12. Qe2 O-O 13. Be3 Rad8 14. Rad1 Qb8 15. Bg5 Rfe8 16. Bb1 g6 17. Ba2 Nh5 18. d5 exd5 19. Bxd5 Bxg5 20. Bxf7+ Kxf7 21. Nxg5+ Kg7 22. Ne6+ Kg8 23. Qc4 Rxd1 24. Rxd1 Ne5 25. Qb3 Nf7 26. Nb5 Nf4 27. Nbc7 Nxe6 28. Nxe6 Qe5 0-1

[Event "Montreal op"]
[Site "Montreal CAN"]
[Date "2001.09.01"]
[Round "2"]
[White "Bachand-Fleurent, Julien"]
[Black "Morin, Yves"]
[Result "1-0"]
[WhiteElo "2040"]
[BlackElo "2237"]
[PlyCount "131"]
[GameId "2160767911550955"]
[EventDate "2001.09.01"]
[EventType "swiss"]
[EventRounds "6"]
[EventCountry "CAN"]

1. e4 e6 2. d4 d5 3. Nc3 Bb4 4. e5 c5 5. a3 Bxc3+ 6. bxc3 Ne7 7. Qg4 Nf5 8. Bd3 h5 9. Qg5 Qxg5 10. Bxg5 cxd4 11. Bxf5 exf5 12. cxd4 Nc6 13. Ne2 Be6 14. Bd2 Rc8 15. O-O Ne7 16. Rfc1 Rc4 17. Rab1 b6 18. Rb4 Kd7 19. Rxc4 dxc4 20. Nf4 Nd5 21. Nxd5 Bxd5 22. f3 Rc8 23. c3 Rg8 24. h4 Kc6 25. Rb1 Re8 26. Kf2 Re6 27. Bg5 Re8 28. Kg3 Kd7 29. Kf2 Rb8 30. Ke2 Ke6 31. Rb4 Rg8 32. Kf2 Rb8 33. Ke1 Kd7 34. Kd2 Rb7 35. Ke3 Kc6 36. Kd2 Rd7 37. Rb1 Be6 38. Kc1 Rd5 39. Be7 Rd7 40. Bg5 Rb7 41. Kd2 Rb8 42. Kc1 Rg8 43. Rb2 Bd5 44. Be7 Kd7 45. Bg5 Ke6 46. Re2 Bc6 47. Re1 Ba4 48. Bf4 Rd8 49. Re2 Rd5 50. Kb1 Rb5+ 51. Rb2 Bb3 52. Bc1 Ra5 53. Rf2 b5 54. Kb2 Kd5 55. Rf1 Ra6 56. Be3 Rg6 57. Rg1 a5 58. Bg5 Ra6 59. Ra1 Rg6 60. Rg1 Rb6 61. Bd8 Ra6 62. Ra1 Ra8 63. Be7 Re8 64. Bg5 f6 65. Bf4 Rg8 66. Re1 1-0

[Event "Montreal op"]
[Site "Montreal CAN"]
[Date "2001.09.01"]
[Round "2"]
[White "Hua, Lefong"]
[Black "Gilman, Arkadiy"]
[Result "1-0"]
[WhiteElo "2269"]
[BlackElo "2062"]
[PlyCount "39"]
[GameId "2160767911550956"]
[EventDate "2001.09.01"]
[EventType "swiss"]
[EventRounds "6"]
[EventCountry "CAN"]

1. c4 Nf6 2. Nc3 e5 3. a3 Be7 4. d3 O-O 5. g3 d5 6. cxd5 Nxd5 7. Bg2 Nxc3 8. bxc3 c6 9. Nf3 Bf6 10. Qc2 Bf5 11. O-O Qd7 12. Rb1 Na6 13. Be3 b6 14. Nd2 Rac8 15. a4 c5 16. Nc4 Nc7 17. Rfd1 Qe6 18. Qb3 e4 19. dxe4 Bxe4 20. Bxe4 1-0

[Event "Montreal op"]
[Site "Montreal CAN"]
[Date "2001.09.01"]
[Round "2"]
[White "Larochelle, Martial"]
[Black "Gravel, Simon M"]
[Result "1-0"]
[WhiteElo "2123"]
[BlackElo "2275"]
[PlyCount "53"]
[GameId "2160767911550957"]
[EventDate "2001.09.01"]
[EventType "swiss"]
[EventRounds "6"]
[EventCountry "CAN"]

1. g3 Nf6 2. Bg2 d5 3. Nf3 g6 4. O-O Bg7 5. d3 O-O 6. Nbd2 b6 7. e4 dxe4 8. dxe4 Bb7 9. Re1 c5 10. e5 Ne8 11. Qe2 Nc7 12. c3 Nc6 13. Qe4 f5 14. Qh4 Qe8 15. Ng5 h6 16. Ndf3 e6 17. Nh3 Qe7 18. Bg5 hxg5 19. Nfxg5 Bh8 20. Nf4 Qg7 21. Nfxe6 Nxe6 22. Nxe6 Qh7 23. Qxh7+ Kxh7 24. Rad1 Kg8 25. Nxf8 Rxf8 26. Rd7 Ba8 27. Bd5+ 1-0

[Event "Montreal op"]
[Site "Montreal CAN"]
[Date "2001.09.01"]
[Round "2"]
[White "Linskiy, Oleg"]
[Black "Sullivan, Neil"]
[Result "1/2-1/2"]
[WhiteElo "2466"]
[BlackElo "2152"]
[PlyCount "108"]
[GameId "2160767911550958"]
[EventDate "2001.09.01"]
[EventType "swiss"]
[EventRounds "6"]
[EventCountry "CAN"]

1. e4 e6 2. d3 d5 3. Nd2 Nf6 4. g3 dxe4 5. dxe4 Bc5 6. Bg2 Nc6 7. Ngf3 e5 8. O-O O-O 9. Qe2 a5 10. Nb3 Bb6 11. Be3 Bxe3 12. Qxe3 a4 13. Nbd2 Qe7 14. c3 Rd8 15. Rfd1 Be6 16. h3 Nd7 17. Ng5 Nb6 18. Nxe6 Qxe6 19. Qe2 Rd6 20. Nf1 Rxd1 21. Qxd1 Rd8 22. Qc2 Qd7 23. Ne3 Qd2 24. Rc1 Qxc2 25. Rxc2 Na5 26. Bf1 Kf8 27. f3 f6 28. Kf2 Kf7 29. h4 g6 30. Ke1 Ke7 31. Kf2 Nc6 32. Nc4 Nxc4 33. Bxc4 Na7 34. b4 axb3 35. axb3 Rd1 36. Ra2 Nc8 37. Ra8 Rd8 38. Be2 Nd6 39. Ra5 Kd7 40. Ke3 b6 41. Ra7 Rg8 42. Ra1 Rf8 43. h5 g5 44. f4 exf4+ 45. gxf4 Re8 46. Bf3 c6 47. Kd4 Rg8 48. e5 fxe5+ 49. Kxe5 Re8+ 50. Kd4 Nf5+ 51. Kc4 Re3 52. Rf1 Ng3 53. Rf2 h6 54. Bd1 Re4+ 1/2-1/2

[Event "Montreal op"]
[Site "Montreal CAN"]
[Date "2001.09.01"]
[Round "2"]
[White "Masse, Hugues"]
[Black "Ramaswamy, Kishor"]
[Result "1-0"]
[WhiteElo "2157"]
[BlackElo "1971"]
[PlyCount "67"]
[GameId "2160767911550959"]
[EventDate "2001.09.01"]
[EventType "swiss"]
[EventRounds "6"]
[EventCountry "CAN"]

1. e4 c6 2. d4 d5 3. e5 Bf5 4. Nc3 e6 5. g4 Bg6 6. Nge2 h6 7. Bg2 Nd7 8. Be3 a6 9. O-O c5 10. f4 cxd4 11. Nxd4 Bc5 12. Qe2 Bh7 13. f5 Qe7 14. fxe6 fxe6 15. Nf3 O-O-O 16. Kh1 Nb8 17. Na4 Bxe3 18. Qxe3 Nc6 19. c3 Kb8 20. Nd4 Nxd4 21. cxd4 Rc8 22. Rac1 Qe8 23. Rxc8+ Qxc8 24. Rc1 Qe8 25. Nc5 Ka7 26. Qb3 Qc8 27. Rc3 b6 28. Nxe6 Qxe6 29. Rc7+ Kb8 30. Bxd5 Be4+ 31. Bxe4 Qxb3 32. Rb7+ Kc8 33. axb3 b5 34. Rxg7 1-0

[Event "Montreal op"]
[Site "Montreal CAN"]
[Date "2001.09.01"]
[Round "2"]
[White "Mikanovic, Goran"]
[Black "Fortier, Marc-Andre"]
[Result "1-0"]
[WhiteElo "2338"]
[BlackElo "2121"]
[PlyCount "102"]
[GameId "2160767911550960"]
[EventDate "2001.09.01"]
[EventType "swiss"]
[EventRounds "6"]
[EventCountry "CAN"]

1. d4 Nf6 2. c4 g6 3. Nc3 Bg7 4. e4 d6 5. Nf3 O-O 6. Be2 e5 7. O-O Nc6 8. d5 Ne7 9. b4 Ne8 10. a4 f5 11. Ng5 c6 12. Bf3 Nc7 13. Be2 h6 14. Nf3 cxd5 15. exd5 g5 16. Bb2 Ng6 17. c5 g4 18. Ne1 h5 19. cxd6 Qxd6 20. b5 e4 21. Ba3 Qe5 22. Rc1 Rd8 23. Bc4 Be6 24. dxe6 Rxd1 25. Nxd1 Nxe6 26. Ne3 Bf8 27. Bb2 Qxb2 28. Bxe6+ Kh8 29. Rc2 Qe5 30. Bxf5 Ne7 31. Rd2 Bh6 32. N1c2 Rf8 33. Bd7 Qc3 34. Rfd1 Rd8 35. Rd4 Qc7 36. g3 Bg7 37. Rc4 Qe5 38. Bxg4 Rxd1+ 39. Bxd1 Bh6 40. Be2 Kg7 41. Bf1 Ng8 42. Bh3 Bxe3 43. Nxe3 Nf6 44. Rd4 Kf7 45. Nf5 Ng4 46. Bxg4 hxg4 47. Rxe4 Kg6 48. Ne3 a6 49. Rxg4+ Kf6 50. Rf4+ Kg6 51. bxa6 bxa6 1-0

[Event "Montreal op"]
[Site "Montreal CAN"]
[Date "2001.09.02"]
[Round "3"]
[White "Esterez, Emmanuel"]
[Black "Sullivan, Neil"]
[Result "1/2-1/2"]
[WhiteElo "2047"]
[BlackElo "2152"]
[PlyCount "99"]
[GameId "2160767911550962"]
[EventDate "2001.09.01"]
[EventType "swiss"]
[EventRounds "6"]
[EventCountry "CAN"]

1. Nf3 c5 2. e4 Nc6 3. d4 cxd4 4. Nxd4 g6 5. c4 Bg7 6. Be3 Nf6 7. Nc3 O-O 8. Be2 Qa5 9. O-O d6 10. Nb3 Qc7 11. Rc1 b6 12. f4 Bb7 13. Qd2 Rac8 14. Bf3 Rfd8 15. Nd5 Qd7 16. Nd4 Na5 17. b3 Bxd5 18. cxd5 Rxc1 19. Rxc1 Rc8 20. Qd3 Ng4 21. Rxc8+ Qxc8 22. Bxg4 Qxg4 23. Nc6 Nxc6 24. dxc6 Qc8 25. Qc4 Qc7 26. b4 e6 27. b5 Bf6 28. g4 Kf8 29. f5 exf5 30. exf5 Qe7 31. Bf4 d5 32. Qxd5 Qe1+ 33. Kg2 Qe2+ 34. Kg1 Qe1+ 35. Kg2 Qe2+ 36. Kh3 Qf1+ 37. Kg3 Qg1+ 38. Qg2 Qe1+ 39. Kh3 g5 40. Bd6+ Kg7 41. Qc2 Qf1+ 42. Kg3 h5 43. gxh5 Qg1+ 44. Kf3 g4+ 45. Ke2 Qg2+ 46. Kd1 Qf1+ 47. Kd2 Qf2+ 48. Kc1 Qe1+ 49. Qd1 Qe3+ 50. Qd2 1/2-1/2

[Event "Montreal op"]
[Site "Montreal CAN"]
[Date "2001.09.02"]
[Round "3"]
[White "Fortier, Marc-Andre"]
[Black "Charbonneau, Anne-Marie"]
[Result "1/2-1/2"]
[WhiteElo "2121"]
[BlackElo "1901"]
[PlyCount "128"]
[GameId "2160767911550963"]
[EventDate "2001.09.01"]
[EventType "swiss"]
[EventRounds "6"]
[EventCountry "CAN"]

1. e4 c5 2. Nc3 d6 3. g3 Nc6 4. Bg2 g6 5. d3 Bg7 6. f4 e6 7. Nf3 Nge7 8. O-O O-O 9. Be3 Nd4 10. Qd2 Rb8 11. Nd1 b5 12. Nh4 b4 13. c3 bxc3 14. bxc3 Nb5 15. f5 exf5 16. exf5 Nxf5 17. Nxf5 Bxf5 18. Bg5 Qd7 19. a4 Nc7 20. Ne3 Be6 21. Bf6 Rb3 22. d4 Rfb8 23. dxc5 dxc5 24. Qxd7 Bxd7 25. Nd5 Ne6 26. Bxg7 Kxg7 27. Nf6 Be8 28. Nxe8+ Rxe8 29. Rad1 Re7 30. Rc1 Ra3 31. Bc6 Rc7 32. Bb5 a6 33. Bxa6 Rxa4 34. Bb5 Ra2 35. Bc4 Rd2 36. h4 Rb7 37. Rf2 Rbb2 38. Rcf1 Rxf2 39. Rxf2 Rxf2 40. Kxf2 Kf6 41. Kf3 Ke5 42. Ke3 f5 43. Kf3 h6 44. g4 g5 45. gxf5 Kxf5 46. Bd3+ Ke5 47. hxg5 Nxg5+ 48. Kg4 Ne4 49. Kh5 Nxc3 50. Kxh6 Kd4 51. Ba6 Na2 52. Kg5 Nb4 53. Bb5 Nd5 54. Bf1 Nb4 55. Bb5 Nd5 56. Bf1 Ne3 57. Be2 Nc2 58. Bb5 Na3 59. Ba6 Kc3 60. Kf4 Kb4 61. Bd3 Nc4 62. Be2 Kc3 63. Bf1 Nb2 64. Ba6 Nd3+ 1/2-1/2

[Event "Montreal op"]
[Site "Montreal CAN"]
[Date "2001.09.02"]
[Round "3"]
[White "Gravel, Simon M"]
[Black "Malveau, Cedric"]
[Result "0-1"]
[WhiteElo "2275"]
[BlackElo "1925"]
[PlyCount "38"]
[GameId "2160767911550964"]
[EventDate "2001.09.01"]
[EventType "swiss"]
[EventRounds "6"]
[EventCountry "CAN"]

1. e4 c6 2. d4 d5 3. exd5 cxd5 4. Bd3 Nf6 5. Bf4 Nc6 6. c3 e6 7. Nf3 Nh5 8. Be3 Bd6 9. Ne5 Nf6 10. f4 Qc7 11. Nd2 a6 12. a4 Na5 13. O-O b6 14. Qf3 Nb7 15. g4 Ng8 16. c4 f6 17. cxd5 fxe5 18. fxe5 Bb4 19. d6 Qd7 0-1

[Event "Montreal op"]
[Site "Montreal CAN"]
[Date "2001.09.02"]
[Round "3"]
[White "Larochelle, Martial"]
[Black "Hua, Lefong"]
[Result "1/2-1/2"]
[WhiteElo "2123"]
[BlackElo "2269"]
[PlyCount "46"]
[GameId "2160767911550965"]
[EventDate "2001.09.01"]
[EventType "swiss"]
[EventRounds "6"]
[EventCountry "CAN"]

1. g3 c5 2. Bg2 Nc6 3. c4 g6 4. Nc3 Bg7 5. a3 Nf6 6. Rb1 a5 7. Nf3 O-O 8. d4 cxd4 9. Nxd4 Nxd4 10. Qxd4 d6 11. Qd1 Nd7 12. Bd2 Ne5 13. b3 Bf5 14. Rc1 Rb8 15. O-O Bd7 16. Be3 Bc6 17. Bd4 Re8 18. Qd2 Nd7 19. Bxg7 Kxg7 20. b4 axb4 21. axb4 Qb6 22. Nd5 Bxd5 23. Bxd5 Nf6 1/2-1/2

[Event "Montreal op"]
[Site "Montreal CAN"]
[Date "2001.09.02"]
[Round "3"]
[White "Laurain, Guy"]
[Black "Masse, Hugues"]
[Result "0-1"]
[WhiteElo "2144"]
[BlackElo "2157"]
[PlyCount "120"]
[GameId "2160767911550966"]
[EventDate "2001.09.01"]
[EventType "swiss"]
[EventRounds "6"]
[EventCountry "CAN"]

1. e4 e5 2. Nf3 Nc6 3. Bb5 a6 4. Ba4 Nf6 5. O-O Bc5 6. c3 b5 7. Bb3 d6 8. d4 Bb6 9. dxe5 Nxe5 10. Nxe5 dxe5 11. Qxd8+ Kxd8 12. Bxf7 Rf8 13. Bb3 Nxe4 14. Be3 Bxe3 15. Rd1+ Ke7 16. fxe3 Bb7 17. Nd2 Nf2 18. Rf1 Nd3 19. Rab1 Rxf1+ 20. Nxf1 Nc5 21. Bc2 Be4 22. Bxe4 Nxe4 23. Ra1 Rb8 24. Rc1 Rd8 25. g3 Nd2 26. Rc2 Ne4 27. Kg2 Rd1 28. a3 a5 29. b4 axb4 30. cxb4 Kd6 31. Ra2 Rd3 32. Kf3 Ng5+ 33. Ke2 Rd5 34. Nd2 Ke6 35. Rc2 Kd6 36. h4 Ne6 37. Ne4+ Kd7 38. Nc3 Rd6 39. Nxb5 Ra6 40. Kf3 c6 41. Rd2+ Ke7 42. Nd6 Rxa3 43. Nc4 e4+ 44. Kxe4 Ra4 45. Ke5 Rxb4 46. Nd6 Nf8 47. Nf5+ Kf7 48. Rf2 Nd7+ 49. Kd6 Nf6 50. Nd4 Kg6 51. Kxc6 Rc4+ 52. Kd6 Ne4+ 53. Kd5 Rxd4+ 54. exd4 Nxf2 55. Ke6 h5 56. d5 Ne4 57. d6 Nxd6 58. Kxd6 Kf5 59. Ke7 Kg4 60. Kf7 Kxg3 0-1

[Event "Montreal op"]
[Site "Montreal CAN"]
[Date "2001.09.02"]
[Round "3"]
[White "Linskiy, Oleg"]
[Black "Moisan-Plante, Marc-Olivier"]
[Result "1-0"]
[WhiteElo "2466"]
[BlackElo "2104"]
[PlyCount "103"]
[GameId "2160767911550967"]
[EventDate "2001.09.01"]
[EventType "swiss"]
[EventRounds "6"]
[EventCountry "CAN"]

1. e4 e5 2. Nf3 Nc6 3. Bb5 f5 4. Nc3 fxe4 5. Nxe4 d5 6. Ng3 Bg4 7. h3 Bxf3 8. Qxf3 Qd6 9. O-O O-O-O 10. c3 Nf6 11. d4 e4 12. Qf5+ Qd7 13. Bxc6 bxc6 14. Bg5 Bd6 15. Qxd7+ Rxd7 16. Nf5 Nh5 17. f3 g6 18. Nxd6+ cxd6 19. Kh2 h6 20. Be3 Nf6 21. fxe4 Nxe4 22. Rf3 g5 23. Raf1 Re8 24. Bc1 Kd8 25. Rf5 Ke7 26. g3 Ke6 27. Kg2 Rg8 28. g4 Rdg7 29. Rf8 Rxf8 30. Rxf8 Rf7 31. Rxf7 Kxf7 32. Kf3 Ke6 33. Ke3 Kd7 34. Ke2 Kc7 35. Kd3 Nf6 36. Kc2 Kb6 37. Kb3 Ne4 38. Kc2 Nf6 39. b3 Ne4 40. Kd3 Nf6 41. a3 Kb7 42. c4 dxc4+ 43. Kxc4 d5+ 44. Kd3 Kb6 45. Bd2 Ne4 46. Be1 a5 47. a4 Nf6 48. b4 axb4 49. Bxb4 h5 50. gxh5 Nxh5 51. Bd2 Ng7 52. Bxg5 1-0

[Event "Montreal op"]
[Site "Montreal CAN"]
[Date "2001.09.02"]
[Round "3"]
[White "Voskanyan, Vahagn"]
[Black "Plante, Michel"]
[Result "1-0"]
[WhiteElo "2353"]
[BlackElo "1944"]
[PlyCount "71"]
[GameId "2160767911550968"]
[EventDate "2001.09.01"]
[EventType "swiss"]
[EventRounds "6"]
[EventCountry "CAN"]

1. e4 e5 2. Nf3 d6 3. d4 Nf6 4. Nc3 Nbd7 5. Be2 Be7 6. h3 c6 7. Be3 b5 8. a3 a6 9. O-O O-O 10. Re1 Re8 11. Bf1 Qc7 12. Qd3 Bb7 13. Rad1 Rad8 14. Bc1 Bf8 15. dxe5 dxe5 16. Nh4 g6 17. g3 Nc5 18. Qf3 Bg7 19. Bg5 Qe7 20. Qe3 Ne6 21. Nf3 Nxg5 22. Qxg5 h6 23. Qc1 Nh7 24. Rxd8 Rxd8 25. Rd1 Nf8 26. Rxd8 Qxd8 27. Qe3 Ne6 28. Qa7 Qc7 29. Bd3 Bf8 30. Qe3 Kg7 31. Bf1 Bc5 32. Qd3 Bc8 33. Nd1 Nd4 34. Nxd4 exd4 35. c3 dxc3 36. Qxc3+ 1-0

[Event "Montreal op"]
[Site "Montreal CAN"]
[Date "2001.09.02"]
[Round "4"]
[White "Charbonneau, Anne-Marie"]
[Black "Laurain, Guy"]
[Result "1/2-1/2"]
[WhiteElo "1901"]
[BlackElo "2144"]
[PlyCount "88"]
[GameId "2160767911550969"]
[EventDate "2001.09.01"]
[EventType "swiss"]
[EventRounds "6"]
[EventCountry "CAN"]

1. d4 Nf6 2. c4 d6 3. Nc3 g6 4. e4 Bg7 5. Be2 O-O 6. Bg5 c5 7. d5 Qa5 8. Bd2 a6 9. a4 Nbd7 10. f3 Qd8 11. g4 e6 12. h4 exd5 13. cxd5 h5 14. g5 Ne8 15. Nh3 Ne5 16. Nf2 f5 17. Nd3 fxe4 18. Nxe5 Bxe5 19. f4 Bxf4 20. Bxf4 Rxf4 21. Qd2 Rf7 22. Nxe4 Bf5 23. Ng3 Ng7 24. O-O-O Qd7 25. b3 b5 26. a5 Qe7 27. Bd3 Qe5 28. Nxf5 Nxf5 29. Bxf5 Rxf5 30. Kc2 c4 31. b4 Qg3 32. Rde1 Raf8 33. Re3 Qf2 34. Re2 Qf3 35. Rhe1 Rxd5 36. Qc3 Rd3 37. Qa1 Ra3 38. Qb2 Qd3+ 39. Kc1 Rb3 40. Qg7+ Kxg7 41. Re7+ Rf7 42. Rxf7+ Kxf7 43. Re7+ Kf8 44. Re8+ Kxe8 1/2-1/2

[Event "Montreal op"]
[Site "Montreal CAN"]
[Date "2001.09.02"]
[Round "4"]
[White "Gauthier, Denis"]
[Black "Fortier, Marc-Andre"]
[Result "1/2-1/2"]
[WhiteElo "1899"]
[BlackElo "2121"]
[PlyCount "50"]
[GameId "2160767911550970"]
[EventDate "2001.09.01"]
[EventType "swiss"]
[EventRounds "6"]
[EventCountry "CAN"]

1. d4 Nf6 2. c4 g6 3. Nc3 Bg7 4. e4 d6 5. Bd3 O-O 6. Nge2 e5 7. O-O Ng4 8. h3 exd4 9. Nb5 Ne5 10. Nbxd4 Nbc6 11. f4 Nxd4 12. Nxd4 Nxd3 13. Qxd3 f5 14. exf5 gxf5 15. Bd2 d5 16. c5 Qe7 17. Rac1 Qe4 18. Qxe4 dxe4 19. Be3 Rd8 20. Rfd1 c6 21. Kh2 Bxd4 22. Bxd4 Be6 23. b3 Rd7 24. Bf6 Rxd1 25. Rxd1 Kf7 1/2-1/2

[Event "Montreal op"]
[Site "Montreal CAN"]
[Date "2001.09.02"]
[Round "4"]
[White "Hua, Lefong"]
[Black "Masse, Hugues"]
[Result "1-0"]
[WhiteElo "2269"]
[BlackElo "2157"]
[PlyCount "59"]
[GameId "2160767911550971"]
[EventDate "2001.09.01"]
[EventType "swiss"]
[EventRounds "6"]
[EventCountry "CAN"]

1. c4 Nf6 2. Nc3 d5 3. d4 g6 4. cxd5 Nxd5 5. e4 Nxc3 6. bxc3 Bg7 7. Nf3 c5 8. Rb1 O-O 9. Be2 Nc6 10. d5 Ne5 11. Nxe5 Bxe5 12. Qd2 b6 13. O-O e6 14. f4 Bg7 15. d6 e5 16. fxe5 Bb7 17. Qd3 Bxe5 18. Bf4 Bxf4 19. Rxf4 Bc8 20. Rd1 Be6 21. Qg3 Qd7 22. e5 Rae8 23. a4 Bf5 24. Bb5 Qe6 25. Bxe8 Rxe8 26. Rff1 Bc2 27. Rf5 Qd7 28. Rdf1 Bb3 29. Qf4 Rf8 30. c4 1-0

[Event "Montreal op"]
[Site "Montreal CAN"]
[Date "2001.09.02"]
[Round "4"]
[White "Mikanovic, Goran"]
[Black "Larochelle, Martial"]
[Result "1/2-1/2"]
[WhiteElo "2338"]
[BlackElo "2123"]
[PlyCount "62"]
[GameId "2160767911550975"]
[EventDate "2001.09.01"]
[EventType "swiss"]
[EventRounds "6"]
[EventCountry "CAN"]

1. d4 d5 2. c4 Nc6 3. cxd5 Qxd5 4. e3 e5 5. Nc3 Bb4 6. Bd2 Bxc3 7. bxc3 Qd6 8. Bd3 Nge7 9. Ne2 O-O 10. O-O b6 11. f3 Be6 12. Be1 Rad8 13. Bf2 g6 14. e4 f5 15. d5 Bc8 16. c4 Nb4 17. c5 bxc5 18. Bc4 Ba6 19. Bxa6 Nxa6 20. Qa4 Rb8 21. Nc3 Rb4 22. Qa3 Rfb8 23. Rac1 R8b7 24. Na4 c4 25. Be1 Rb1 26. Qxd6 cxd6 27. Rxc4 Ra1 28. Nc3 Rc1 29. Bh4 Rc2 30. Rf2 Rc1+ 31. Rf1 Rc2 1/2-1/2

[Event "Montreal op"]
[Site "Montreal CAN"]
[Date "2001.09.02"]
[Round "4"]
[White "Voskanyan, Vahagn"]
[Black "Esterez, Emmanuel"]
[Result "1-0"]
[WhiteElo "2353"]
[BlackElo "2047"]
[PlyCount "67"]
[GameId "2160767911546880"]
[EventDate "2001.09.01"]
[EventType "swiss"]
[EventRounds "6"]
[EventCountry "CAN"]

1. e4 d6 2. d4 Nf6 3. Nc3 c6 4. Be2 Nbd7 5. f4 Qa5 6. Bd2 e5 7. Nf3 Qc7 8. O-O Be7 9. Kh1 O-O 10. a4 b6 11. b4 a5 12. b5 c5 13. fxe5 dxe5 14. d5 c4 15. Qe1 Bb4 16. Qh4 Re8 17. Nd1 Be7 18. Ne3 c3 19. Bc1 Nc5 20. d6 Qxd6 21. Nc4 Qc7 22. Nfxe5 Ncxe4 23. Nc6 Bc5 24. Bf4 Qd7 25. N4e5 Rxe5 26. Bxe5 Qd2 27. Bd3 Nf2+ 28. Rxf2 Bxf2 29. Qc4 Be1 30. Ne7+ Kh8 31. Nxc8 h5 32. Bxf6 gxf6 33. Qe4 Qh6 34. Qxa8 1-0

[Event "Montreal op"]
[Site "Montreal CAN"]
[Date "2001.09.03"]
[Round "5"]
[White "Bachand-Fleurent, Julien"]
[Black "Mikanovic, Goran"]
[Result "1/2-1/2"]
[WhiteElo "2040"]
[BlackElo "2338"]
[PlyCount "99"]
[GameId "2160767911546881"]
[EventDate "2001.09.01"]
[EventType "swiss"]
[EventRounds "6"]
[EventCountry "CAN"]

1. e4 c5 2. Nc3 Nc6 3. g3 g6 4. Bg2 Bg7 5. d3 d6 6. f4 Nf6 7. Nf3 O-O 8. O-O Rb8 9. h3 b5 10. g4 b4 11. Ne2 a5 12. f5 Ba6 13. Nf4 c4 14. g5 Nd7 15. d4 c3 16. Re1 cxb2 17. Bxb2 Nb6 18. Kh1 Na4 19. Rb1 Bc4 20. Qc1 Bxa2 21. Ra1 Nxb2 22. Rxa2 Nc4 23. Qd1 Na3 24. Qd3 Nb5 25. fxg6 hxg6 26. Nxg6 fxg6 27. Qc4+ Kh7 28. Qxc6 Nxd4 29. Nxd4 Bxd4 30. Qd5 e5 31. Rxa5 Qxg5 32. Qxd4 Qxg2+ 33. Kxg2 exd4 34. Rd5 Rfc8 35. Re2 Rc4 36. Rxd6 Rbc8 37. Kf1 Rxc2 38. Rxd4 Rxe2 39. Kxe2 Rb8 40. Kd2 Kg7 41. Kc2 b3+ 42. Kb2 Kf6 43. Rd6+ Kg5 44. h4+ Kh5 45. e5 Re8 46. e6 Kg4 47. Kxb3 Kf5 48. Kc4 Ke5 49. Ra6 Kf6 50. Kd3 1/2-1/2